Mrazený prevzdušnený výrobok, spôsob jeho výroby a zariadenie na jeho vykonávanie. A 23G 9/20

Bibliographic Details
Main Author: Fayard, Gilles (Author)
Format: Book
Language:Undetermined
PhysicalDescription:8 s.
Published: Banská Bystrica Úrad priemyselného vlastníctva SR 2000

MARC

LEADER 00000nam a2200000 a 4500
001 vtls001406424
003 SK-MaSNL
005 20260302001309.0
008 240314sm y0 xo 0 und
035 |a SNK000361065 
040 |a SNK  |b slo  |c SNK  |e AACR2 
044 |a xo  |c SK 
100 1 |a Fayard, Gilles  |4 aut  |9 637015 
245 1 0 |a Mrazený prevzdušnený výrobok, spôsob jeho výroby a zariadenie na jeho vykonávanie. A 23G 9/20 
260 |a Banská Bystrica  |b Úrad priemyselného vlastníctva SR  |c 2000 
300 |a 8 s. 
999 |c 983313  |d 985243 
952 |t P60, <04>, [BOOK], {604}  |a SNK  |b SNK  |y VYP  |7 0  |p 17A0260510  |o snkSK 280829  |i snkPS 159/2001  |0 0  |1 0  |4 0  |d 2001-02-05  |l 0  |r 2005-01-02 00:00:00  |w 2026-02-24